[Event "Santa Catarina-chT"]
[Site "Piratuba"]
[Date "2018.04.14"]
[Round "2.2"]
[White "Feldmann, Jaciane Rocha"]
[Black "Favero, Bruna Francescato"]
[Result "1/2-1/2"]
[WhiteElo "1426"]
[BlackElo "1445"]
[PlyCount "112"]
[EventDate "2018.04.13"]
[EventType "team-swiss"]
[EventRounds "5"]
[EventCountry "BRA"]
[SourceTitle "CBM 184 Extra"]
[Source "ChessBase"]
[SourceDate "2018.06.28"]
[SourceVersion "1"]
[SourceVersionDate "2018.06.28"]
[SourceQuality "1"]
[WhiteTeam "Rio do Sul"]
[BlackTeam "Lebon Regis II"]
[WhiteTeamCountry "BRA"]
[BlackTeamCountry "BRA"]

1. e4 e5 2. Nf3 Nc6 3. Bc4 Bc5 4. d4 Bxd4 5. Nxd4 Nxd4 6. Be3 Nc6 7. 0-0 Nf6 8. Nc3 d6 9. f4 h6 10. Qf3 Bg4 11. Qf2 Qe7 12. f5 Bh5 13. h3 Rg8 14. Qh4 Na5 15. Bb3 Nxb3 16. axb3 g5 17. fxg6 Rxg6 18. Rf5 Kf8 19. Rxh5 Nxh5 20. Qxh5 Qe6 21. Nd5 Rc8 22. Rxa7 c6 23. Nb6 Rb8 24. Nc4 Kg7 25. Na5 Qd7 26. Qf5 Qc7 27. Nc4 Rf6 28. Qg4+ Rg6 29. Qh5 Qe7 30. Na5 Qd7 31. Qf5 Qc7 32. Nc4 Rf6 33. Qg4+ Rg6 34. Qh5 Qe7 35. Nd2 Rg8 36. Nf3 Kh7 37. g4 f6 38. Kh2 Qd7 39. Kg3 d5 40. Qf5 Qxf5 41. exf5 R6g7 42. Nh4 Rd7 43. c3 Re8 44. Ng6 Kg7 45. h4 Kh7 46. Bc5 Kg7 47. Kf3 d4 48. cxd4 exd4 49. Kf4 d3 50. Be3 d2 51. Bxd2 Rxd2 52. Rxb7+ Kg8 53. Ne7+ Kf8 54. Ng6+ Kg8 55. Ne7+ Kf8 56. Ng6+ Kg8 1/2-1/2

[Event "Florianopolis op 4th"]
[Site "Florianopolis"]
[Date "2018.01.22"]
[Round "6"]
[White "Favero, Bruna Francescato"]
[Black "Deus Filho, Joaquim"]
[Result "0-1"]
[WhiteElo "1392"]
[BlackElo "1974"]
[PlyCount "128"]
[EventDate "2018.01.19"]
[EventType "swiss"]
[EventRounds "10"]
[EventCountry "BRA"]
[SourceTitle "EXT 2019"]
[Source "ChessBase"]
[SourceDate "2018.10.10"]
[SourceVersion "1"]
[SourceVersionDate "2018.10.10"]
[SourceQuality "1"]

1. e4 e5 2. Nf3 Nc6 3. Bc4 Be7 4. d3 Nf6 5. Nc3 0-0 6. h3 d6 7. Bb3 a6 8. Bg5 Na5 9. Qd2 Nxb3 10. axb3 c6 11. d4 Qc7 12. d5 c5 13. Qd3 Ne8 14. Bxe7 Qxe7 15. g4 Bd7 16. Nd2 b5 17. Qg3 Nc7 18. Ne2 Kh8 19. h4 b4 20. c3 bxc3 21. bxc3 Rfb8 22. c4 a5 23. Nc1 Qd8 24. f4 exf4 25. Qxf4 Qe7 26. Kd1 a4 27. Rh2 axb3 28. Rxa8 Nxa8 29. Ncxb3 Ba4 30. Kc2 Nb6 31. Rh3 Nd7 32. Rc3 Ne5 33. g5 Qb7 34. Qe3 Qb4 35. Kb2 Bd7 36. h5 Ra8 37. Kc1 Ra2 38. Kd1 Bg4+ 39. Ke1 Bxh5 40. Qh3 Bg4 41. Qe3 Qb8 42. Qg3 Qd8 43. Qe3 Bh5 44. Nc1 Rb2 45. Rb3 Rxd2 46. Qxd2 Nf3+ 47. Rxf3 Bxf3 48. Qf4 Bh5 49. Qd2 f6 50. gxf6 Qxf6 51. Qe3 h6 52. Ne2 Qh4+ 53. Kd2 Qh2 54. Kd3 Qxe2+ 55. Qxe2 Bxe2+ 56. Kxe2 Kg8 57. Kf3 Kf7 58. Kg4 Kf6 59. Kf4 h5 60. Kg3 Ke5 61. Kh4 Kxe4 62. Kxh5 Kd4 63. Kg5 Kxc4 64. Kf5 Kxd5 0-1

[Event "Florianopolis op 4th"]
[Site "Florianopolis"]
[Date "2018.01.21"]
[Round "4"]
[White "Favero, Bruna Francescato"]
[Black "Mazetto, Sergio Luiz"]
[Result "0-1"]
[WhiteElo "1392"]
[BlackElo "2154"]
[PlyCount "98"]
[EventDate "2018.01.19"]
[EventType "swiss"]
[EventRounds "10"]
[EventCountry "BRA"]
[SourceTitle "EXT 2019"]
[Source "ChessBase"]
[SourceDate "2018.10.10"]
[SourceVersion "1"]
[SourceVersionDate "2018.10.10"]
[SourceQuality "1"]

1. e4 g6 2. d4 Bg7 3. Nc3 c5 4. Nf3 Qa5 5. Qd3 cxd4 6. Nxd4 Nc6 7. Nb3 Qd8 8. f4 d6 9. Be2 Nf6 10. Nd5 0-0 11. c3 b6 12. h3 Bb7 13. Rb1 Nd7 14. Be3 Nc5 15. Nxc5 bxc5 16. Bf2 a5 17. a4 e6 18. Qb5 Rb8 19. Ne3 Nd4 20. Qd3 Nxe2 21. Kxe2 Qc7 22. Bg3 Qc6 23. Nd1 Qxe4+ 24. Qxe4 Bxe4 25. Ne3 Bxb1 26. Rxb1 Bxc3 27. Nd1 Bd4 28. f5 e5 29. f6 Rb3 30. Be1 e4 31. Bh4 Rfb8 32. Kd2 c4 33. Kc2 c3 34. Bg5 cxb2 35. Bf4 R3b6 36. Be3 Rc8+ 37. Kd2 Bxe3+ 38. Nxe3 Rb3 39. Nd1 Rd3+ 40. Ke2 Rc2+ 41. Ke1 Rc1 42. Rxb2 Rcxd1+ 43. Ke2 h5 44. Rb8+ Kh7 45. Rf8 R1d2+ 46. Kf1 Rc3 47. Rxf7+ Kh6 48. Ke1 e3 49. Rb7 Rc1# 0-1

[Event "BRA-ch U16 Girls"]
[Site "Itajai"]
[Date "2017.06.04"]
[Round "6"]
[White "Favero, Bruna Francescato"]
[Black "Lisboa, Joana Cunha"]
[Result "0-1"]
[WhiteElo "1453"]
[BlackElo "1486"]
[PlyCount "134"]
[EventDate "2017.06.01"]
[EventType "swiss"]
[EventRounds "6"]
[EventCountry "BRA"]
[SourceTitle "CBM 179 Extra"]
[Source "ChessBase"]
[SourceDate "2017.08.23"]
[SourceVersion "1"]
[SourceVersionDate "2017.08.23"]
[SourceQuality "1"]

1. Nf3 Nf6 2. g3 g6 3. Bg2 Bg7 4. d4 d6 5. c4 0-0 6. Nc3 Nbd7 7. e4 e5 8. d5 Nc5 9. Qc2 a5 10. Be3 Ne8 11. h4 f5 12. Bxc5 dxc5 13. Nd2 Nd6 14. Bh3 Bd7 15. a3 Qf6 16. 0-0 Qe7 17. Rae1 f4 18. Bxd7 Qxd7 19. Kg2 fxg3 20. fxg3 Rxf1 21. Rxf1 Rf8 22. Rxf8+ Kxf8 23. b3 Qg4 24. Qd3 Ke7 25. Qf3 Qd7 26. Qe3 b6 27. a4 Qe8 28. Nf3 h6 29. g4 Qc8 30. Nh2 Qf8 31. Qf3 Qf4 32. Nf1 Qc1 33. Ng3 Qd2+ 34. Kh3 Qf4 35. Kg2 Bf6 36. h5 gxh5 37. Nxh5 Qg5 38. Nxf6 Qxf6 39. Nb5 Nxb5 40. axb5 Qxf3+ 41. Kxf3 Kf6 42. Kg3 Kg5 43. Kh3 Kf4 44. Kh4 Kxe4 45. Kh5 Kf4 46. Kg6 e4 47. Kf6 e3 48. Ke6 e2 49. Kd7 e1Q 50. Kxc7 Qe7+ 51. Kxb6 Kxg4 52. Ka6 Qc7 53. b6 Qb8 54. Kb5 h5 55. Kxc5 h4 56. d6 h3 57. Kb5 h2 58. c5 h1Q 59. Kxa5 Qc6 60. Kb4 Qbxb6+ 61. cxb6 Qxb6+ 62. Kc4 Qxd6 63. b4 Kf4 64. Kb5 Ke4 65. Ka5 Kd4 66. b5 Kc5 67. Ka4 Qb6 0-1

[Event "BRA-ch U16 Girls"]
[Site "Itajai"]
[Date "2017.06.03"]
[Round "5"]
[White "Primo E Silva, Beatriz"]
[Black "Favero, Bruna Francescato"]
[Result "1-0"]
[WhiteElo "1449"]
[BlackElo "1453"]
[PlyCount "135"]
[EventDate "2017.06.01"]
[EventType "swiss"]
[EventRounds "6"]
[EventCountry "BRA"]
[SourceTitle "CBM 179 Extra"]
[Source "ChessBase"]
[SourceDate "2017.08.23"]
[SourceVersion "1"]
[SourceVersionDate "2017.08.23"]
[SourceQuality "1"]

1. e4 e5 2. Nf3 Nc6 3. d4 exd4 4. Nxd4 Qh4 5. Nb5 Kd8 6. N1c3 Bc5 7. Qf3 a6 8. Na3 Ne5 9. Qg3 Qxg3 10. hxg3 h6 11. Nc4 f6 12. Be2 Ne7 13. Nxe5 fxe5 14. f4 d6 15. Nd1 Nc6 16. c3 b5 17. Be3 Bxe3 18. Nxe3 Rf8 19. Rf1 Ne7 20. Rd1 Bb7 21. fxe5 Rxf1+ 22. Kxf1 Bxe4 23. exd6 Nf5 24. Nxf5 Bxf5 25. Bf3 Rb8 26. dxc7+ Kxc7 27. Kf2 Re8 28. Re1 Rxe1 29. Kxe1 Kd6 30. Kd2 Ke5 31. Bb7 a5 32. Bc6 b4 33. cxb4 axb4 34. a3 bxa3 35. bxa3 Kd4 36. Kc1 Kc3 37. Kd1 Bd3 38. Ke1 Bc2 39. Ke2 Kd4 40. Kf3 g6 41. a4 Bd3 42. a5 Kc5 43. Be4 Bc4 44. Bxg6 Kb5 45. Kf4 Kxa5 46. g4 Kb6 47. Kf5 Kc6 48. Kf6 Bd5 49. g3 Kd7 50. Kg7 Ke7 51. Kxh6 Kf8 52. Bh7 Be6 53. g5 Bd5 54. g6 Be6 55. g7+ Ke8 56. g8Q+ Bxg8 57. Bxg8 Kf8 58. Ba2 Ke7 59. g4 Kf6 60. g5+ Ke7 61. g6 Kf8 62. g7+ Ke7 63. g8Q Kd6 64. Qe8 Kc5 65. Qd7 Kb4 66. Qc6 Ka3 67. Qb5 Kxa2 68. Kg5 1-0

[Event "Sao Bento do Sul U2050 1st"]
[Site "Sao Bento do Sul"]
[Date "2016.05.21"]
[Round "5.18"]
[White "Favero, Bruna Francescato"]
[Black "Pereira, Geanfrancesco"]
[Result "0-1"]
[WhiteElo "1542"]
[BlackElo "1988"]
[PlyCount "54"]
[EventDate "2016.05.20"]
[EventType "swiss"]
[EventRounds "7"]
[EventCountry "BRA"]
[SourceTitle "EXT 2022"]
[Source "ChessBase"]
[SourceDate "2021.10.06"]
[SourceVersion "1"]
[SourceVersionDate "2021.10.06"]
[SourceQuality "1"]

1. e4 c5 2. Nf3 d6 3. d4 cxd4 4. Nxd4 Nf6 5. Nc3 Nc6 6. Be2 e5 7. Nb3 Be7 8. 0-0 0-0 9. Be3 a5 10. a4 Nb4 11. f3 Be6 12. Na2 Qc7 13. Nxb4 axb4 14. Nd2 d5 15. exd5 Nxd5 16. Bf2 Nf4 17. Bb5 f5 18. Bg3 Bc5+ 19. Kh1 Nd5 20. Nc4 f4 21. Bf2 Be7 22. Re1 Rf5 23. Qe2 Rh5 24. Nxe5 Bf6 25. Nd3 Ne3 26. Bxe3 fxe3 27. Qxe3 Qxh2# 0-1

[Event "Sao Bento do Sul U2050 1st"]
[Site "Sao Bento do Sul"]
[Date "2016.05.20"]
[Round "2.23"]
[White "Felix, Joao Eduardo Orland"]
[Black "Favero, Bruna Francescato"]
[Result "1/2-1/2"]
[WhiteElo "1243"]
[BlackElo "1542"]
[PlyCount "44"]
[EventDate "2016.05.20"]
[EventType "swiss"]
[EventRounds "7"]
[EventCountry "BRA"]
[SourceTitle "EXT 2022"]
[Source "ChessBase"]
[SourceDate "2021.10.06"]
[SourceVersion "1"]
[SourceVersionDate "2021.10.06"]
[SourceQuality "1"]

1. e4 e5 2. Nf3 Nc6 3. Nc3 Nf6 4. Bb5 a6 5. Ba4 b5 6. Bb3 Bb7 7. d3 Na5 8. Nxe5 Nxb3 9. axb3 d5 10. 0-0 Bd6 11. Nf3 dxe4 12. dxe4 Bb4 13. Qxd8+ Rxd8 14. e5 Nd5 15. Nxd5 Rxd5 16. c3 Be7 17. Be3 Rd8 18. Rfe1 0-0 19. Bf4 c5 20. Bg3 Ra8 21. Rad1 Rfd8 22. Ra1 b4 1/2-1/2